Revista geofísica
| Previous Title: | Geofísica panamericana |
|---|---|
| Corporate Author: | |
| Format: | Electronic Journal |
| Language: | English Spanish |
| Published: |
México,
Instituto Panamericano de Geografía e Historia
|
| Subjects: | |
| Online Access: | Full text available from Research Library: 01/01/2000 to 12/31/2012 Full text available from Research Library: 01/01/2015 to 01/31/2017 |
MARC
| LEADER | 00000nas a2200000 4500 | ||
|---|---|---|---|
| 001 | ssj0013025 | ||
| 003 | WaSeSS | ||
| 005 | 20200512172242.0 | ||
| 006 | m d | ||
| 007 | cr n | ||
| 008 | 780201c19759999mx fx p s 0 b0eng c | ||
| 010 | |a 80649112 | ||
| 015 | |a 014121255 |2 dnb | ||
| 016 | 7 | |a 014121255 |2 DE-101 | |
| 016 | 7 | |a 758512-3 |2 DE-600 | |
| 016 | |a (AMICUS)000001840305 | ||
| 022 | |l 0252-9769 |y 0252-9769 | ||
| 035 | |a (WaSeSS)ssj0013025 | ||
| 037 | |b Servicios Bibliográficos, Secretaría General del IPGH, Ex-Arzobispado No. 29, México 18, D.F. | ||
| 040 | |a COO |b eng |c COO |d DLC |d NST |d NSD |d AIP |d NST |d NSD |d NST |d OCLCQ |d DIBAM |d CUS |d OCLCQ |d DEBBG |d GBVCP |d OCLCA |d OCLCQ |d CUS |d OCLCQ |d OCLCF |d OCLCO |d XFH |d NLC |d OCLCQ |d WaSeSS | ||
| 041 | 0 | |a eng |a spa | |
| 042 | |a pcc |a nsdp | ||
| 043 | |a s------ | ||
| 050 | 0 | 0 | |a QC801 |b .G36 |
| 082 | 0 | |a 551/.05 | |
| 210 | 0 | |a Rev. geofís. | |
| 222 | 0 | |a Revista geofísica | |
| 245 | 0 | 0 | |a Revista geofísica |h [electronic resource]. |
| 260 | |a México, |b Instituto Panamericano de Geografía e Historia | ||
| 362 | 0 | |a no. 3- nov. 1975- | |
| 506 | |a License restrictions may limit access. | ||
| 546 | |a English or Spanish. | ||
| 550 | |a Vols. for Nov. 1975-<June 1978> issued by Comisión de Geofísica, Instituto Panamericano de Geografía e Historia. | ||
| 650 | 0 | |a Geophysics |v Periodicals. | |
| 650 | 0 | |a Geophysics |z South America |v Periodicals. | |
| 650 | 7 | |a Geofísica |x PUBLICACIONES PERIODICAS. |2 renib | |
| 650 | 7 | |a Geofísica |z Sud America |x PUBLICACIONES PERIODICAS. |2 renib | |
| 650 | 7 | |a Geophysics. |2 fast |0 (OCoLC)fst00941002 | |
| 651 | 7 | |a South America. |2 fast |0 (OCoLC)fst01244515 | |
| 655 | 0 | |a Electronic journals. | |
| 710 | 2 | |a Pan American Institute of Geography and History. |b Commission on Geophysics. | |
| 780 | 0 | 0 | |t Geofísica panamericana |x 1010-5514 |w (DLC) 74645065 |w (OCoLC)1794244 |
| 850 | |a AzU |a CSt |a CaOLU |a CaOOG |a DLC |a MoU |a NNC |a NjR |a TU |a TxCM | ||
| 856 | 4 | 0 | |z Full text available from Research Library: 01/01/2000 to 12/31/2012 |u https://search.proquest.com/publication/28458 |
| 856 | 4 | 0 | |z Full text available from Research Library: 01/01/2015 to 01/31/2017 |u https://search.proquest.com/publication/28458 |